Statistiques concernant Pays d'Europe avec une carte vierge

Cliquez ici pour prendre le quiz!

Statistiques générales

  • Ce quiz a été pris 15,386 fois
  • Le résultat moyen est 41 sur 45

Statistiques - réponses

Pays % Correct
France
100%
Espagne
99%
Allemagne
99%
Italie
98%
Suisse
98%
Portugal
98%
Belgique
97%
Suède
97%
Royaume-Uni
97%
Norvège
96%
Luxembourg
96%
Autriche
96%
Finlande
96%
Pologne
96%
Grèce
95%
Irlande
95%
Roumanie
94%
Lettonie
94%
Russie
94%
Lituanie
94%
Estonie
94%
Pays-Bas
93%
Danemark
93%
Islande
92%
Hongrie
92%
Croatie
92%
Albanie
91%
Ukraine
91%
Biélorussie
91%
République
tchèque
91%
Slovénie
90%
Slovaquie
90%
Andorre
90%
Bulgarie
88%
Serbie
87%
Monaco
87%
Vatican
86%
Bosnie-
Herzégovine
86%
Malte
86%
Macédoine
86%
Monténégro
83%
Kosovo
83%
Moldavie
82%
Liechtenstein
81%
Saint-Marin
79%

Distribution des résultats

Percentile by Number Answered

% des personnes avec chaque résultat

Votre développement - résultats

Vous n’avez pas pris ce quiz